21 verbes irrégulier en allemand - Statistiques

Statistiques générales
  • Ce quiz a été pris 125 fois
  • Le résultat moyen est 36 sur 63
Statistiques - réponses
verbe en francais verb % Correct
être sein
94%
avoir haben
85%
aller gehen
77%
war
75%
voir sehen
74%
manger essen
72%
hatte
72%
donner geben
70%
trouver finden
68%
venir kommen
68%
dormir schlafen
66%
parler sprechen
66%
boire trinken
66%
aider helfen
64%
kam
64%
gab
62%
hat gegeben
62%
ist gekommen
62%
sah
62%
ass
60%
conduire fahren
60%
hat gefunden
60%
hat gesehen
60%
ist gegangen
60%
rester bleiben
58%
fand
58%
hat gegessen
58%
hat getrunken
58%
aimer mögen
58%
prendre nehmen
58%
sprach
58%
devenir werden
58%
hat gesprochen
57%
nahm
57%
trank
57%
blieb
55%
ging
55%
hat gehabt
55%
ist gefahren
55%
courir laufen
55%
wurde
55%
half
53%
ist gewesen
53%
savoir wissen
53%
fuhr
51%
ist gelaufen
51%
hat genommen
49%
hat geschlafen
49%
ist geblieben
49%
être debout stehen
49%
hat geholfen
47%
hat gemocht
47%
lag
47%
être couché liegen
47%
mochte
47%
schlief
47%
ist geworden
45%
wusste
45%
lief
43%
stand
43%
hat gewusst
40%
ist gelegen
40%
ist gestanden
40%
Aucun quiz correspondant
Distribution des résultats
% des personnes avec chaque résultat
Percentile par nombre de réponses
Votre historique - résultats
Vous n’avez pas pris ce quiz